000 00320nam a22001337a 4500
008 170621b xxu||||| |||| 00| 0 eng d
020 _a9780262033046
041 _aeng
080 _a32
100 _a20
101 _aSHP
245 _aPUBLIC FINANCE AND PUBLIC POLICY IN THE NEW CENTURY
_cSNOSSEN, C
942 _2udc
_cBK
999 _c18563
_d18563